Periferias y nueva ciudad. El problema del paisaje en los procesos de dispersión urbana
Αποθηκεύτηκε σε:
| Κύριος συγγραφέας: | |
|---|---|
| Μορφή: | Βιβλίο |
| Γλώσσα: | Ισπανικά |
| Έκδοση: |
Sevilla
Universidad de Sevilla
2003
|
| Έκδοση: | 1a. ed |
| Σειρά: | Arquitectura, 25
|
| Θέματα: | |
| Ετικέτες: |
Προσθήκη ετικέτας
Δεν υπάρχουν, Καταχωρήστε ετικέτα πρώτοι!
|
MARC
| LEADER | 00000nam a2200000 a 4500 | ||
|---|---|---|---|
| 001 | UCG0505 | ||
| 003 | CL-VaPUC | ||
| 008 | 100325e20030000SP |||||||||||||||||spa|d | ||
| 020 | |a 8447208052 | ||
| 082 | 0 | 4 | |a 711.4 |b ARI |2 21 |
| 100 | 0 | |a Arias Sierra, Pablo |e author |9 547960 | |
| 245 | 1 | 0 | |a Periferias y nueva ciudad. El problema del paisaje en los procesos de dispersión urbana |
| 250 | |a 1a. ed | ||
| 300 | |a 549 p | ||
| 942 | |c BK | ||
| 945 | |d 20100325 00:00:00 |a cmena | ||
| 260 | |a Sevilla |b Universidad de Sevilla |c 2003 | ||
| 650 | 0 | |a Planificación urbana |9 258176 | |
| 650 | 0 | |a Urbanismo |9 255208 | |
| 650 | 0 | |a Ciudades |9 265474 | |
| 650 | 0 | |a Paisajes |9 344660 | |
| 650 | 7 | |a TRAFICO URBANO |2 CL-VaPUC |9 547961 | |
| 583 | |a last modification |c 20130325 05:16:39 |k Rodrigo Vera | ||
| 490 | 0 | |a Arquitectura, 25 | |
| 999 | |c 340127 |d 340125 | ||
| 952 | |0 0 |1 0 |4 0 |6 711_400000000000000_ARI_2003 |7 0 |8 A |9 434642 |a BIBARQ |b BIBARQ |d 2019-11-22 |i 4656997 |l 1 |o 711.4 ARI 2003 |p 4656997 |r 2025-01-20 |s 2024-11-05 |w 2019-11-22 |y BK |k ARQ | ||